|
|
|
|
| LEADER |
01557nam a22003137a 4500 |
| 001 |
37293 |
| 003 |
BD-DhAAL |
| 005 |
20210208122311.0 |
| 008 |
210208t20202008bg ||||| |||| 00| 1 ben d |
| 999 |
|
|
|c 41966
|d 41966
|
| 020 |
|
|
|a 9847010500165
|
| 040 |
|
|
|a BD-DhAAL
|
| 041 |
|
|
|a ben
|
| 082 |
|
|
|a 891.44371
|
| 100 |
|
|
|a আহমেদ, হুমায়ূন
|9 40897
|
| 245 |
|
|
|a শুভ্র সমগ্র /
|c হুমায়ূন আহমেদ
|
| 246 |
|
|
|a Shuvrasamagra
|
| 260 |
|
|
|a ঢাকা :
|b অনন্যা,
|c ২০০৮, ২০২০ [চতুর্থ মুদ্রণ]
|
| 300 |
|
|
|a ৬২৩ পৃষ্ঠা ;
|c ২২ সে.মি.
|
| 500 |
|
|
|a Cataloguing during COVID-19 pandemic
|
| 526 |
|
|
|a AAL
|
| 541 |
|
|
|a Hye trade international
|e 37293, 37294
|
| 546 |
|
|
|a In Bengali.
|
| 600 |
|
|
|a আহমেদ, হুমায়ূন,
|d ১৯৪৮-২০১২
|9 40899
|
| 650 |
|
|
|a Bengali fiction
|z Bangladesh
|9 40900
|
| 852 |
|
|
|a Ayesha Abed Library
|c General Stacks
|
| 942 |
|
|
|2 ddc
|c BK
|
| 952 |
|
|
|0 0
|1 0
|2 ddc
|4 0
|6 891_443710000000000_AHM
|7 0
|9 69220
|a BRACUL
|b BRACUL
|c GEN
|d 2020-12-09
|e Hye trade international
|g 588.00
|l 24
|m 122
|o 891.44371 AHM
|p 3010037293
|q 2026-06-02
|r 2026-04-18
|s 2026-04-18
|t 1
|v 588.00
|w 2020-12-09
|y BK
|x Received during COVID-19 pandemic
|
| 952 |
|
|
|0 0
|1 0
|2 ddc
|4 0
|6 891_443710000000000_AHM
|7 0
|9 69221
|a BRACUL
|b BRACUL
|c GEN
|d 2020-12-09
|e Hye trade international
|g 588.00
|l 20
|m 106
|o 891.44371 AHM
|p 3010037294
|q 2026-06-02
|r 2026-04-05
|s 2026-04-05
|t 2
|v 588.00
|w 2020-12-09
|y BK
|x Received during COVID-19 pandemic
|